Normal view
MARC view
Entry Personal Name
001 - CONTROL NUMBER
- control field: 6904
003 - CONTROL NUMBER IDENTIFIER
- control field: OSt
005 - DATE AND TIME OF LATEST TRANSACTION
- control field: 20190711065135.0
008 - FIXED-LENGTH DATA ELEMENTS
- fixed length control field: 190711|| aca||aabn | a|a d
040 ## - CATALOGING SOURCE
- Original cataloging agency: OSt
- Transcribing agency: OSt
100 ## - HEADING--PERSONAL NAME
- Personal name: Kuttner, Kenneth N.
670 ## - SOURCE DATA FOUND
- Source citation: Work cat.: (OSt): Kuttner, Kenneth N., Outside the box: unconventional monetary policy in the great recession and beyond, 2018
